| 000 | 00000nam##2200000za#4500 |
| 001 | 9.647871 |
| 003 | CaOODSP |
| 005 | 20210615112825 |
| 007 | ta |
| 008 | 150407|2000||||xxc||||| f|0| 0 eng|d |
| 020 | |a0-662-29337-1 |
| 040 | |aCaOODSP|beng |
| 043 | |an-cn--- |
| 086 | 1 |aFs23-391/2000E |
| 110 | 1 |aCanada.|bDepartment of Fisheries and Oceans.|bMaritimes Region.|bFisheries Management. |
| 245 | 14|aThe management of fisheries on Canada's Atlantic coast : |ba discussion document on policy direction and principles |
| 260 | |aOttawa - Ontario : |bFisheries and Oceans Canada. |c2000. |
| 300 | |axi, 69p. ; |c28 cm. |
| 563 | |aSoftcover |
| 590 | |a01-08|b2001-02-23 |
| 690 | 07|aFisheries policy|2gcpds |
| 690 | 07|aFisheries|2gcpds |
| 690 | 07|aResources conservation|2gcpds |
| 775 | 08|tLa gestion des pêches sur la côte Atlantique du Canada : |w(CaOODSP)9.681254 |
| 776 | 0#|tLa gestion des pêches sur la côte Atlantique du Canada : |w(CaOODSP)9.640307 |
| 776 | 0#|tThe management of fisheries on Canada's Atlantic coast : |w(CaOODSP)9.696188 |